000 00329nam a2200133Ia 4500
005 20251222155126.0
008 251222s9999||||xx |||||||||||||| ||spa||
082 _aEPI. 13
100 _aCULLIS, WEST.
245 0 _aIntroducción a la Economía de la Salud
250 _a1ra. ed.
264 _bDesclee de Broiwer
942 _cLIB
999 _c38625
_d38625